1734 1068 1758 1092 1227 1531 1847 1421 1394 1210 1227 1982 1108 1551 1057 1328 1094 1139 1802 1893 1241 1447 1099 1065 1826 1865 1311 1160 1054 1726 1424 1903 1451 1371 1273 1282 1687 1602 1597 1280 1944 1475 1991 1676 1346 1156 1456 1288 1101 1160 1924 1890 1171 1397 1159 1191 1822 1358 1301 1857 1435 1417 1072 1799 1365 1548 1401 1900 1930 1342 1974 1191 1199 1608 1583 1147 1478 1909 1270 1723 1667 1924 1710 1641 1119 1728 1516 1890 1468 1216 1962 1068 1929 1990 1686 1834 1985 1420 1581 BCNSPRNW ULIB Ver.6.0+V

เปลี่ยนเป็นภาษาไทย

Change to English
 แสดงรายละเอียดบรรณานุกรม
  กลับหน้าหลัก

Brief Record : Get Marc (ISO 2709) : E-mail record : QR code < ปิดหน้าต่าง
LEADER : 00000nam 2200000uu 4500
001    13399112559
003     ULIB
008    110824s2552||||th 000 0 tha d
020    9786115200092
090    นว.^bป535ฝ 2552
100 0  ปั้นหยา
245 00 ฝากหัวใจไว้ใกล้รัก/^cปั้นหยา
250    พิมพ์ครั้งที่ 1
260    กรุงเทพฯ :^b1168พับลิชชิ่ง,^c2552
300    282 หน้า
710 1  1168พับลิชชิ่ง
995    ทศพร
999     ^aใช้งานได้ทุกระบบ
รายการนี้ยังไม่มีแท็ก
คุณยังไม่ได้ล็อกอิน คุณสามารถมีกิจกรรมร่วมกับเว็บไซต์ได้ แต่ต้องล็อกอินก่อน ::
  ล็อกอิน

รายการสื่อสารสนเทศ

ลำดับที่ ประเภท เลขเรียก/บาร์โค้ด สถานที่ สถานะ
- ไม่พบข้อมูล -

รายการใกล้เคียง
    ผู้แต่ง [ปั้นหยา]

BibComment


ยังไม่เคยถูกคอมเมนท์

คอมเมนท์ทรัพยากรรายการนี้
  คอมเมนท์: ฝากหัวใจไว้ใกล้รั..


 Copyright 2026. Bcnsprnw @Library